| 000 | 01026nam a2200205Ia 4500 | ||
|---|---|---|---|
| 003 | Ost | ||
| 005 | 20260507075645.0 | ||
| 008 | 260507s9999||||xx |||||||||||||| ||und|| | ||
| 040 | _cfsecg | ||
| 041 | _aara | ||
| 082 | _a332.673 | ||
| 100 |
_aأبوقحف، عبد السلام _eمؤلف |
||
| 245 | 0 |
_aالأشكال والسياسات المختلفة للإستثمارات الأجنبية / _c عبد السلام أبوقحف |
|
| 260 |
_aالإسكندرية: _bمؤسسة شباب الجامعة, _c2003 |
||
| 300 |
_a142 صفحة؛ _bإيضاحات ؛ _c24 سم |
||
| 520 | _aالاشكال المختلفة للإستثمارات الأجنبية، تنظيم وتوصية الإستثمارات الاجنبية، الادلة التطبيقية، مدخل مقترح لتبني سياسات استثمارية جديدة في الدول النامية، التكتلات الإستراتيجية الكونية | ||
| 653 | _aالإستثمار | ||
| 653 | _aالدول الاجنبية | ||
| 942 | _cكتاب | ||
| 999 |
_c45476 _d45476 |
||